000 00448nam a2200169 a 4500
001 0000-8682
003 ELIB.Books
008 110520 1973
035 _a(ELIB.Books)0000-8828
082 _a241
_bLin
100 _aLindsell, Harold
245 _aThe World the Flesh and the Devil
260 _bWashington: Canon Press
_c1973
650 _aDictionary of Christian Ethics
942 _2ddc
_cBK
998 _cbat
_e2011-05-20
999 _c8682
_d8682